000 00825nam a2200217 i 4500
001 157584
003 ES-MaACL
005 20240526062941.0
008 960320s1836 fr a |||| | fre d
080 _a821.133.1-31"17"
100 1 _aLesage, Alain-René,
_d1668-1747
_971822
245 1 0 _aHistoire de Gil Blas de Santillana /
_cpar Le Sage ; vignettes par Jean Gigoux.
260 _aParis :
_bChez Paulin, libraire-éditeur,
_c1836 (
_fA. Everat, imprimeur et fondeur)
300 _a972 p. :
_bil. ;
_c27 cm.
530 _aDisponible en formato digital.
597 _aGrab. calc. intercalados en el texto.
700 1 _aGigoux, Jean.
_9127302
852 _aES-MaACL
_jG-6983
_z- Enc. hol.
856 _uhttps://archive.org/details/bub_gb_rzKKp4nxNR4C/page/n13
_zInternet Archive
999 _c157584
_d157584